000 00358nam a2200121Ia 4500
005 20251222144803.0
008 251222s9999||||xx |||||||||||||| ||spa||
082 _a362.583/D75P
100 _aDietz, Henry
245 0 _aPobreza y Participación Política Bajo un Régimen Militar
264 _bCentro de Investigación Universidad del Pacífico
942 _cLIB
999 _c19819
_d19819